|
|
|
|
| LEADER |
00000nam0a2200000 4500 |
| 001 |
132579 |
| 005 |
20231031134930.0 |
| 010 |
|
|
|a 5903072127
|
| 035 |
|
|
|a (RuTPU)RU\TPU\book\143558
|
| 090 |
|
|
|a 132579
|
| 100 |
|
|
|a 20080304d2006 m y0rusy50 ca
|
| 101 |
0 |
|
|a rus
|
| 102 |
|
|
|a RU
|
| 105 |
|
|
|a a j 001zy
|
| 200 |
1 |
|
|a Синхронные электрические двигатели малой мощности
|e учебное пособие
|f И. Л. Осин
|
| 210 |
|
|
|a Москва
|c Издательский дом МЭИ
|d 2006
|
| 215 |
|
|
|a 216 с.
|c ил.
|
| 320 |
|
|
|a Библиогр.: с. 210.
|
| 320 |
|
|
|a Предметный указатель: с. 211-212.
|
| 330 |
|
|
|a Рассмотрены основные конструктивные исполнения синхронных двигателей малой мощности, изложены основы теории и приведены характеристики различных типов синхронных двигателей малой мощности. Особое внимание уделено двигателям с постоянными магнитами. Для студентов электромеханических, электротехнических и приборостроительных специальностей вузов; может быть полезно аспирантам и инженерам, специализирующимся в области конструирования и производства машин малой мощности.
|
| 610 |
1 |
|
|a синхронные электродвигатели малой мощности
|
| 610 |
1 |
|
|a синхронные реактивные двигатели
|
| 610 |
1 |
|
|a синхронные гистерезисные двигатели
|
| 610 |
1 |
|
|a системы возбуждения
|
| 610 |
1 |
|
|a постоянные магниты
|
| 610 |
1 |
|
|a конденсаторные синхронные двигатели
|
| 610 |
1 |
|
|a тихоходные синхронные двигатели
|
| 610 |
1 |
|
|a шаговые синхронные двигатели
|
| 610 |
1 |
|
|a двухскоростные синхронные двигатели
|
| 610 |
1 |
|
|a проектирование
|
| 610 |
1 |
|
|a учебные пособия
|
| 675 |
|
|
|a 621.313.323(075.8)
|v 3
|
| 700 |
|
1 |
|a Осин
|b И. Л.
|g Игорь Львович
|
| 801 |
|
1 |
|a RU
|b 63413507
|c 20080304
|g PSBO
|
| 801 |
|
2 |
|a RU
|b 63413507
|c 20150615
|g PSBO
|
| 900 |
|
|
|a Электромеханика
|
| 900 |
|
|
|a Электрические машины
|
| 900 |
|
|
|a Электрические машины и аппараты
|
| 900 |
|
|
|a Электрические машины и электропривод
|
| 942 |
|
|
|c BK
|
| 951 |
|
|
|b 140600
|b 140601
|
| 959 |
|
|
|a 26/20080304
|d 2
|e 242,00
|f АНЛ:1
|f ЧЗТЛ:1
|